Alfred Hitchcock and The Three Investigators in The Mystery of the Shrinking House /

Na minha lista:
Detalhes bibliográficos
Autor principal: Arden, William (autor)
Outros Autores: Hearne, Jack (ilustración) (ilustración)
Formato: Livro
Idioma:espanhol
Publicado em: Nueva York, EUA : Random House, 1978, c1972
Assuntos:
Tags: Adicionar Tag
Sem tags, seja o primeiro a adicionar uma tag!

MARC

LEADER 00000nam^a2200000^a^4500
001 000315590
005 20250521000000.0
009 20260310113248.796
020 |a 0-394-83777-0 
025 |a Donación sin dato, 1 ejemplar 
037 |a Acervo ITESO - Biblioteca 
041 |a ESP 
082 |a 808. 899282  |b INV V. 18 
100 |a Arden, William  |e (autor) 
240 1 1 |a [Alfred Hitchcock y los tres investigadores] 
245 1 0 |a Alfred Hitchcock and The Three Investigators in The Mystery of the Shrinking House /  |c W. Arden ; il. de J. Hearne ; tr. por Miguel Giménez Sales. 
264 4 |a Nueva York, EUA :  |b Random House,  |c 1978, c1972 
300 |a 153 p. 
336 |a texto  |b txt  |2 rdacontenido 
337 |a sin mediación  |b n  |2 rdamedio 
338 |a volumen  |b nc  |2 rdasoporte 
500 |a Basado en: Jack Hearne 
649 |a XX 
650 |a Cineastas Ingleses 
650 |a Cuentos Norteamericanos 
650 |a Literatura Juvenil -  |z EUA 
650 |a Literatura Policíaca y de Misterio -  |z EUA 
650 |a Literatura Norteamericana -  |y Siglo XX 
650 |a Arte -  |x Falsificación 
650 |a Hitchcock, Alfred 
700 |a Hearne, Jack  |e (ilustración) 
910 |a Fondo General 
920 |a Impresos - Libros 
930 |a Colección General 
940 |a Literatura 
905 |a 101 
901 |a 0500202458  |b IT1  |c LIT  |i D  |u 20250521 
902 |a https://opac.biblio.iteso.mx/vufind/Record/000315590